000 00216nam a2200097Ia 4500
008 240625s9999 xx 000 0 und d
041 _aeng
100 _aPC QUEST
245 _aPC QUEST DVD PROFESSIONAL
260 _c2008
999 _c34174
_d34174